Petites villes périurbaines et ancrage local des habitants. Les cas de Méru et Senlis dans l’Oise (notice n° 1585132)

détails MARC
000 -LEADER
fixed length control field 03688cam a2200385 4500500
005 - DATE AND TIME OF LATEST TRANSACTION
control field 20251228053058.0
041 ## - LANGUAGE CODE
Language code of text/sound track or separate title fre
042 ## - AUTHENTICATION CODE
Authentication code dc
100 10 - MAIN ENTRY--PERSONAL NAME
Personal name Berroir, Sandrine
Relator term author
245 00 - TITLE STATEMENT
Title Petites villes périurbaines et ancrage local des habitants. Les cas de Méru et Senlis dans l’Oise
260 ## - PUBLICATION, DISTRIBUTION, ETC.
Date of publication, distribution, etc. 2017.<br/>
500 ## - GENERAL NOTE
General note 45
520 ## - SUMMARY, ETC.
Summary, etc. Les espaces métropolitains sont marqués par des logiques spatiales multipolaires qui se traduisent notamment par une intégration croissante de petites villes situées sur leurs franges. Cet article s’interroge sur la place de ces petites villes périurbaines dans le fonctionnement métropolitain, à partir d’une analyse de leur rôle dans l’espace de vie des habitants. En s’appuyant sur des entretiens menés dans les secteurs de Méru et de Senlis, il montre que ces petites villes situées au nord de l’agglomération parisienne constituent des lieux de ressources et d’ancrage pour les habitants du périurbain. L’étude croisée des pratiques de mobilités des habitants et de leurs représentations spatiales permet notamment de rendre compte de la diversité sociale des processus d’ancrage local dans les petites villes périurbaines.
520 ## - SUMMARY, ETC.
Summary, etc. Metropolitan areas are increasingly polycentric and tend to integrate small towns located in their periphery. The focus is on the position of small towns in the metropolitan structure and on their importance in inhabitants’ living spaces. Through interviews carried out in Méru and Senlis in the North of Paris metropolitan area, small towns are found to provide effective resources to their inhabitants and to promote their local attachment, despite differences according to their social profile and residential context. Investigating both inhabitants’ mobility practices and their spatial representations, this research contributes to a better understanding of the social diversity of local attachment processes within small cities located at the periphery of metropolitan areas.
520 ## - SUMMARY, ETC.
Summary, etc. Las áreas metropolitanas están marcadas por lógicas espaciales multipolares que se traducen principalmente en una integración creciente de pequeña ciudades o núcleos urbanos situados en sus bordes. A partir de un análisis de su papel en el espacio de vida de los residentes, este artículo interroga el lugar de esas pequeñas ciudades periurbanas en el funcionamiento metropolitano. Apoyándose en entrevistas llevadas a cabo en Meru y Senlis, muestra que estos pequeños núcleos situados al Norte de la aglomeración urbana de París constituyen lugares de recursos y de anclaje para los habitantes periurbanos. El estudio cruzado de las prácticas de movilidad de los habitantes y de sus representaciones espaciales permite, en particular, dar cuenta de la diversidad social de los procesos de anclaje local en los pequeños núcleos periurbanos.
690 ## - LOCAL SUBJECT ADDED ENTRY--TOPICAL TERM (OCLC, RLIN)
Topical term or geographic name as entry element ancrage
690 ## - LOCAL SUBJECT ADDED ENTRY--TOPICAL TERM (OCLC, RLIN)
Topical term or geographic name as entry element métropole parisienne
690 ## - LOCAL SUBJECT ADDED ENTRY--TOPICAL TERM (OCLC, RLIN)
Topical term or geographic name as entry element périurbain
690 ## - LOCAL SUBJECT ADDED ENTRY--TOPICAL TERM (OCLC, RLIN)
Topical term or geographic name as entry element petite ville
690 ## - LOCAL SUBJECT ADDED ENTRY--TOPICAL TERM (OCLC, RLIN)
Topical term or geographic name as entry element pratiques
690 ## - LOCAL SUBJECT ADDED ENTRY--TOPICAL TERM (OCLC, RLIN)
Topical term or geographic name as entry element Paris metropolis
690 ## - LOCAL SUBJECT ADDED ENTRY--TOPICAL TERM (OCLC, RLIN)
Topical term or geographic name as entry element place attachment
690 ## - LOCAL SUBJECT ADDED ENTRY--TOPICAL TERM (OCLC, RLIN)
Topical term or geographic name as entry element small towns
690 ## - LOCAL SUBJECT ADDED ENTRY--TOPICAL TERM (OCLC, RLIN)
Topical term or geographic name as entry element urban peripheries
700 10 - ADDED ENTRY--PERSONAL NAME
Personal name Delage, Matthieu
Relator term author
700 10 - ADDED ENTRY--PERSONAL NAME
Personal name Fleury, Antoine
Relator term author
700 10 - ADDED ENTRY--PERSONAL NAME
Personal name Fol, Sylvie
Relator term author
700 10 - ADDED ENTRY--PERSONAL NAME
Personal name Guérois, Marianne
Relator term author
700 10 - ADDED ENTRY--PERSONAL NAME
Personal name Maulat, Juliette
Relator term author
700 10 - ADDED ENTRY--PERSONAL NAME
Personal name Raad, Lina
Relator term author
700 10 - ADDED ENTRY--PERSONAL NAME
Personal name Vallée, Julie
Relator term author
700 10 - ADDED ENTRY--PERSONAL NAME
Personal name Viana Cerqueira, Eugênia
Relator term author
786 0# - DATA SOURCE ENTRY
Note Espaces et sociétés | 168-169 | 1 | 2017-03-22 | p. 69-88 | 0014-0481
856 41 - ELECTRONIC LOCATION AND ACCESS
Uniform Resource Identifier <a href="https://shs.cairn.info/revue-espaces-et-societes-2017-1-page-69?lang=fr&redirect-ssocas=7080">https://shs.cairn.info/revue-espaces-et-societes-2017-1-page-69?lang=fr&redirect-ssocas=7080</a>

Pas d'exemplaire disponible.

PLUDOC

PLUDOC est la plateforme unique et centralisée de gestion des bibliothèques physiques et numériques de Guinée administré par le CEDUST. Elle est la plus grande base de données de ressources documentaires pour les Étudiants, Enseignants chercheurs et Chercheurs de Guinée.

Adresse

627 919 101/664 919 101

25 boulevard du commerce
Kaloum, Conakry, Guinée

Réseaux sociaux

Powered by Netsen Group @ 2025